• 首页
  • 本馆介绍
  • 公告通知
  • 最新文献
  • 馆藏检索
  • 电子资源
  • 读者导购
  • 参考咨询
  • 我的图书馆
  • 登录
  • 详细信息显示
  • 放入我的书架
  • 预约/预借图书
  • 作者相关作品
  • 分类相关作品
  • 丛书相关作品
  • 出版社相关作品

书目信息

  • 表格格式
  • 工作单格式
  • 卡片格式
题名:
哲学原理自学辅导题例
    
 
作者: 樊树江
分册:  
出版信息: 北京   中国人民大学出版社  1988
页数: 266页
开本: 32开
丛书名:
单 册:
中图分类: B0-0-44
科图分类:
主题词: 马克思主义哲学
电子资源:
ISBN: 7-300-00469-5
000 00543nam0 2200181 45
001 9911301546
005 19991130154357.4
010    @a7-300-00469-5@d3.70
100    @a19991130d1988 km y0chiy0120 ea
101    @achi
105    @a z 000yy
200 1  @a哲学原理自学辅导题例@AZhe Xue Yuan Li Zi Xue Fu Dao Ti Li@f樊树江@FFan Shu Jiang
210    @a北京@c中国人民大学出版社@d1988
215    @a266页@c无图表@d32开
606 0  @a马克思主义哲学
690    @aB0-0-44@v3
801    @aCN@bPerfectUser@c19991130
905    @aBZT@b42566-567@f5@dB0-0-44@e1
    
    哲学原理自学辅导题例/樊树江.-北京:中国人民大学出版社,1988
    266页:无图表;32开
    
    
    ISBN 7-300-00469-5:3.70
    
●
相关链接 在五车中查询图书 在当当中查询图书 在豆瓣中查询图书


正题名:哲学原理自学辅导题例     索取号:B0-0-44/1         预约/预借

序号 登录号 条形码 馆藏地/架位号 状态 备注
1 42567   200388918   中心书库南/007架A面3层5列/ [索取号:B0-0-44/1] 在馆    
2 42702   200388909   中心书库南/007架A面3层5列/ [索取号:B0-0-44/1] 在馆    
山东省滨州职业学院图书馆 欢迎您!
大连网信软件有限公司© 版权所有